Statistics for MBA (Record no. 3605)

MARC details
000 -LEADER
fixed length control field 00312nam a2200133Ia 4500
008 - FIXED-LENGTH DATA ELEMENTS--GENERAL INFORMATION
fixed length control field 191201s2008 xx 000 0 und d
082 ## - DEWEY DECIMAL CLASSIFICATION NUMBER
Classification number 519.5
Item number JAS
100 ## - MAIN ENTRY--PERSONAL NAME
Personal name Jain, T R
245 #0 - TITLE STATEMENT
Title Statistics for MBA
260 ## - PUBLICATION, DISTRIBUTION, ETC. (IMPRINT)
Place of publication, distribution, etc N.Delhi
Name of publisher, distributor, etc V K Enterprises
Date of publication, distribution, etc 2008-09
300 ## - PHYSICAL DESCRIPTION
Extent misc
650 ## - SUBJECT ADDED ENTRY--TOPICAL TERM
Topical term or geographic name as entry element MBA
942 ## - ADDED ENTRY ELEMENTS (KOHA)
Source of classification or shelving scheme Dewey Decimal Classification
Koha item type Text Books
942 ## - ADDED ENTRY ELEMENTS (KOHA)
-- 1
Holdings
Withdrawn status Lost status Source of classification or shelving scheme Damaged status Not for loan Collection code Home library Current library Date acquired Source of acquisition Cost, normal purchase price Bill Number Total Checkouts Full call number Acc. no. / Barcode Date last seen Bill Date Koha item type Checked out Date last borrowed
    Dewey Decimal Classification     MBA PIET C-LIBRARY PIET C-LIBRARY 08/11/2008 J B C, New Delhi 380.00 SI-4132   519.5 JAS 10087 04/12/2019 18/10/2008 Text Books    
    Dewey Decimal Classification     MBA PIET C-LIBRARY PIET C-LIBRARY 08/11/2008 J B C, New Delhi 380.00 SI-4132   519.5 JAS 10088 04/12/2019 18/10/2008 Text Books    
    Dewey Decimal Classification     MBA PIET C-LIBRARY PIET C-LIBRARY 08/11/2008 J B C, New Delhi 380.00 SI-4132 1 519.5 JAS 10089 05/12/2020 18/10/2008 Text Books 03/06/2021 05/12/2020
    Dewey Decimal Classification     MBA PIET C-LIBRARY PIET C-LIBRARY 08/11/2008 J B C, New Delhi 380.00 SI-4132   519.5 JAS 10090 04/12/2019 18/10/2008 Text Books    
    Dewey Decimal Classification     MBA PIET C-LIBRARY PIET C-LIBRARY 08/11/2008 J B C, New Delhi 380.00 SI-4132 1 519.5 JAS 10091 20/01/2025 18/10/2008 Text Books   18/01/2025
    Dewey Decimal Classification     MBA PIET C-LIBRARY PIET C-LIBRARY 08/11/2008 J B C, New Delhi 380.00 SI-4132   519.5 JAS 10092 04/12/2019 18/10/2008 Text Books    

Design & Developed by: PIET Central Library
R70 Miles Stone Pattikalyana Samalkha Panipat 132102
mail ID :- [email protected], Phone No:- 0180-2569700 Ex.216